Ga door naar de inhoud

Почвоведение с основами геологии. Характеристика почвенного покрова территории и агрономическая оценка земель сельскохозяйственного назначения методические указания по выполнению курсовой работы для студентов направления подготовки 35.03.04 «агрономия» очной и заочной форм обучения

Издание содержит методику подготовки и написания курсовой работы по дисциплине «Почвоведение с основами геологии». Данная методика основана на использовании материалов почвенного, агрохимического обследования, внутрихозяйственной и кадастровой оценки земель конкретных хозяйств центральных регионов Р...

Volledige beschrijving

Bewaard in:
Bibliografische gegevens
Formaat: Книга
Taal:Russian
Gepubliceerd in: пос. Караваево КГСХА 2015
Online toegang:https://e.lanbook.com/book/133632
https://e.lanbook.com/img/cover/book/133632.jpg
Tags: Voeg label toe
Geen labels, Wees de eerste die dit record labelt!
LEADER 02135nam0a2200241 i 4500
001 133632
003 RuSpLAN
005 20221220174042.0
008 221220s2015 ru gs 000 0 rus
040 |a RuSpLAN 
041 0 |a rus 
044 |a ru 
080 |a 631. 862 
084 |a 41.1  |2 rubbk 
245 0 0 |a Почвоведение с основами геологии. Характеристика почвенного покрова территории и агрономическая оценка земель сельскохозяйственного назначения  |b методические указания по выполнению курсовой работы для студентов направления подготовки 35.03.04 «агрономия» очной и заочной форм обучения 
260 |a пос. Караваево  |b КГСХА  |c 2015 
300 |a 28 с. 
504 |a Библиогр.: доступна в карточке книги, на сайте ЭБС Лань 
520 8 |a Издание содержит методику подготовки и написания курсовой работы по дисциплине «Почвоведение с основами геологии». Данная методика основана на использовании материалов почвенного, агрохимического обследования, внутрихозяйственной и кадастровой оценки земель конкретных хозяйств центральных регионов России. Методические рекомендации предназначены для студентов направления подготовки 35.03.04 «Агрономия» очной и заочной форм обучения. 
521 8 |a Книга из коллекции КГСХА - Ветеринария и сельское хозяйство 
856 4 |u https://e.lanbook.com/book/133632 
856 4 8 |u https://e.lanbook.com/img/cover/book/133632.jpg 
953 |a https://e.lanbook.com/img/cover/book/133632.jpg